KOHA-Header-6

The Successful Medical Student (Record no. 7362)

000 -LEADER
fixed length control field 00265nam a2200109Ia 4500
100 ## - MAIN ENTRY--AUTHOR NAME
Personal name Hilary J. Schmidt
245 #4 - TITLE STATEMENT
Title The Successful Medical Student
260 ## - PUBLICATION, DISTRIBUTION, ETC. (IMPRINT)
Place of publication USA
Name of publisher McGraw-Hill
Year of publication 2016
300 ## - PHYSICAL DESCRIPTION
Number of Pages 152
942 ## - ADDED ENTRY ELEMENTS (KOHA)
Koha item type Books
Holdings
Withdrawn status Lost status Collection code Permanent Location Current Location Shelving location Date acquired Full call number Accession Number Koha item type
    Jinnah Corner MAJU MAJU Shelf No.A37 2020-12-05 891.11 1218 Bio Science

Powered by Koha